000 00765nam a2200289Ia 4500
001 Z_4647
003 CHAP
008 220113s1996 xx 000 0 und d
010 _a167722
040 _cCHAP
082 _a633.2 I58
100 _aInternational Rangeland Congress (5 : 1995 : Salt Lake City, Utah)
_9141985
245 _aRangelands in a sustainable biosphere /
_cEd. by Neil E. West
260 _aDenver, Colorado :
_bSociety for Range Management,
_c1996
300 _a651 p.
440 _a
500 _aFotocopĂ­a
503 _a
650 _aPastizales
_xClima I. West, Neil E
_9141986
650 _aPastizales
_xCongresos
_985930
901 _a633.2 I58
902 _aA
910 _a1996
942 _c1
942 _cc1
999 _c167722
_d167722